• 首页
  • 本馆介绍
  • 公告通知
  • 最新文献
  • 馆藏检索
  • 电子资源
  • 读者导购
  • 参考咨询
  • 我的图书馆
  • 登录
  • 详细信息显示
  • 放入我的书架
  • 预约/预借图书
  • 作者相关作品
  • 分类相关作品
  • 丛书相关作品
  • 出版社相关作品

书目信息

  • 表格格式
  • 工作单格式
  • 卡片格式
题名:
现代企业物资管理
    
 
作者: 汪锦才 , 陈训声 著
分册:  
出版信息: 北京   中国财政经济出版社  1984
页数: 262页
开本: 19cm
丛书名: 工业企业管理基础知识丛书
单 册:
中图分类: F406.5
科图分类:
主题词: 企业管理:物资管理 , 物资管理:企业管理 , 工业经济--经济理论
电子资源:
ISBN:
000 00846nam2 2200301 45
001 0184013558
005 20040429144438.2
010    @dCNY0.80
091    @a4166.494
100    @a19950404d1984 em y0chiy0121 ea
101 0  @achi
102    @aCN@b110000
105    @ay z 000yy
106    @ar
200 10 @a现代企业物资管理@Axian dai qi ye wu zi guan li@f汪锦才,陈训声著
210    @a北京@c中国财政经济出版社@d1984
215    @a262页@d19cm
225 2  @a工业企业管理基础知识丛书
410  0 @120010@a工业企业管理基础知识丛书
606    @a企业管理:物资管理
606    @a物资管理:企业管理
606 0  @a工业经济@x经济理论
690    @aF406.5
701  0 @a汪锦才@Awang jin cai@4著
701  0 @a陈训声@Achen xun sheng@4著
801  0 @aCN@b上海图书馆@c20040429
801  2 @aCN@bNLC@c20040429
905    @f2@b121832-833@dF406.5@e67
    
    现代企业物资管理/汪锦才,陈训声著.-北京:中国财政经济出版社,1984
    262页;19cm.-(工业企业管理基础知识丛书)
    
    
    ISBN :CNY0.80
    
●
相关链接 在E读中查询图书 在五车中查询图书 在当当中查询图书 在豆瓣中查询图书


正题名:现代企业物资管理     索取号:F406.5/67         预约/预借

序号 登录号 条形码 馆藏地/架位号 状态 备注
1 0121832   000208037   密集书库/ [索取号:F406.5/67] 在馆    
2 0121833   000207993   第一借阅区/ [索取号:F406.5/67] 在馆    
3 0121834   202392302   第一样本阅览室/ [索取号:F406.5/67] 在馆    
唐山师范学院图书馆 欢迎您!
大连网信软件有限公司© 版权所有